000 00714nam a2200265Ia 4500
005 20260302115545.0
008 008 260114s9999 xx 000 0 eng d
020 _a9781472598691
037 _aTextbook
040 _aCRL
040 _beng
040 _cCRL
041 _2eng
041 _aeng
084 _qCRL
100 _aClare Finburgh Delijani
_91121982
245 0 _aWatching War on the Twenty-First Century Stage Spectacles of Conflict
260 _bBloomsbury
260 _bMethuen Drama
260 _c2017
650 _aLiterary Studies
856 _uhttps://doi.org/10.5040/9781472598691?locatt=label:secondary_bloomsburyCollections
942 _cEBOOK
999 _c1686639
_d1686639